01999ngm a2200277 a 4500001001300000003000900013005001700022008004100039040002800080043001200108082002200120110005000142245016600192260006500358300003300423500007900456505034700535520046300882650006301345650006801408650007101476650007701547650006701624942001301691999001701704C01464662c-6CO-ViMGA20230915234241.0141017s2014 ck 000 g s vcspa d aCO-ViMGAbspacCO-ViMGA as-ck---04a364.151 221bC252 aCentro Nacional de Memoria Histórica.9718110aCaja viajera de memoria histórica h[videograbación] : bsiete documentales sobre el conflicto armado en Colombia / cCentro Nacional de Memoria Histórica. aBogotá : bCentro Nacional de Memoria Histórica, c2014. a7 DVD : bdigital ; c12 cm. aResumen de la obra tomada del sitio web del Centro de Memoria Histórica.0 aDVD 1. Mujeres tras las huellas de la memoria -- DVD 2. El Salado: rostros de una masacre -- DVD 3. Bojayá: la guerra sin límites -- DVD 4. Nunca más: Trujillo una tragedia que no cesa -- DVD 5. San Carlos: memorias del éxodo de la guerra -- DVD 6. Mampuján: crónica de un desplazamiento -- DVD 7. No hubo tiempo para la tristeza a[Una colección con los siete documentales que el CNMH ha realizado a lo largo de los últimos años. Cada uno de los videos es una muestra no solo del trabajo de investigación del Centro sino el reflejo de lo que ha sido la guerra, por ejemplo, en Trujillo, Bojayá o El Salado. Adicional a esto, La Caja Viajera incluye el documental, "No hubo tiempo para la tristeza", basado en el informe general {Basta ya! Colombia: memorias de guerra y dignidad]14aConflicto armadoz Colombiav Videodiscos digitales.9718214aGuerraz Colombiav Documentalesv Videodiscos digitales.9718614aMasacre de Bojayá, Colombia, 2002v Videodiscos digitales.9718414aMasacres de Trujillo, Colombia, 1986-1994v Videodiscos digitales.9718514aMasacresz El Salado (Colombia)v Videodiscos digitales.97183 2ddccDVD c37680d37680